000 00716nam a2200205 a 4500
001 20812
003 CO-ViMGA
008 141112s2004 ck r 000 u spa d
020 _a9583003417
040 _aCO-ViMGA
_bspa
_cCO-ViMGA
082 0 4 _a860.8 J174a
100 1 _aJaramillo Agudelo, Darío Comp.
_93269
245 1 0 _aAntología de lecturas amenas
260 _aBogotá :
_bPanAméricana,
_c1997
300 _a220p
505 _aLa poesía al alcance de los niños 16 - - Cuaderno de tareas 25 - - La sombra desobediente 34
590 _aForma de adquisición : Reposición - - Precio : 12000 - - Fecha de adquisición : Junio 2006
650 1 4 _aLITERATURA COLOMBIANA - COLECCIONES
_93270
942 _2ddc
_cBK
999 _c2855
_d2855